Zbuduj ptaka zgadując państwa - Statystyki

Ogólne statystyki
  • Ten quiz został rozwiązany 19 razy
    9 od ostatniego zresetowania
  • Średni wynik to 13 z 24
Odpowiedzi na mapie
Odpowiedzi zakodowano w zielono-czerwonej skali na mapie do tego quizu, zgodnie z poniższymi procentami.
 
Statystyki odpowiedzi
# Odpowiedż % Poprawnych
1863 Kolumbia
100%
1861 Peru
100%
1816 Brazylia
86%
1722 Indonezja
86%
1100 Meksyk
86%
1387 Wenezuela
86%
1285 Chiny
71%
1001 Argentyna
57%
1110 Demokratyczna Republika Konga
57%
1622 Ekwador
57%
1210 Indie
57%
936 Tajlandia
57%
920 Angola
43%
1435 Boliwia
43%
1058 Kenia
43%
1073 Tanzania
43%
998 Uganda
43%
Koliber
29%
maskonur
29%
1034 Mjanma
29%
884 Panama
29%
papużka
29%
914 Sudan
29%
888 Kamerun
14%
Nie znaleziono quizów pasujących do podanych kryteriów
Rozkład punktacji
Procent ludzi z każdym wynikiem
Percentyl według liczby udzielonych odpowiedzi
Twoja historia wyników
Nie rozwiązałeś tego quizu od ostatniego zresetowania